000 00745nam a2200241 i 4500
001 bg
003 BPK
005 20200210084203.0
008 971113s1988 pl |000 0 pol
015 _aPB 1988/2788
020 _a8301021403
040 _aWA N
_cBPK
080 _a519.66
100 1 _aAntoniewicz, Jerzy
_eAutor
245 1 0 _aPodręczne tablice matematyczne pięciocyfrowe /
_cJerzy Antoniewicz.
250 _aWyd. 8.
260 _aWarszawa :
_bPańst. Wydaw. Naukowe,
_c1988.
300 _a192 s., [2] k. tabl. ;
_c20 cm.
650 4 _aMatematyka
655 4 _aTablice matematyczne
856 _uhttp://koha.tu.koszalin.pl/cgi-bin/koha/opac-detail.pl?biblionumber=3537
_yKatalog online BPK
942 _2UKD
_cKS
999 _c3537
_d3537